000 00635nam a2200229Ia 4500
003 OSt
005 20220923213409.0
006 a|||||r|||| 00| 0
007 ta
008 220922b |||||||| |||| 00| 0 hin d
024 _a161,469
037 _cTextual
040 _aARTS
_cARTS
_bhin
041 _2hin
_ahin
082 _aO152:2M91:15, J2(-)
100 _aश्रीवास्तव, जी0 पी0
245 0 _aउलट फेर
246 _aUlaṭ fera
260 _c1952
942 _hO152:2M91:15, J2(-)
_cTEXL
_2CC
999 _c316140
_d316140